The Mad Book of Magic and Other Dirty Tricks /

Publicada originalmente en forma de libro de cómic en octubre-noviembre de 1952, la revista Mad fue creada por el dibujante Harvey Kurtzman y el editor William Gaines; en 1955, el vigésimo cuarto número de Mad apareció en formato de revista de humor, lo que le dio una mayor difusión entre los adulto...

Deskribapen osoa

Gorde:
Xehetasun bibliografikoak
Egile nagusia: Jaffee, Al (autor)
Formatua: Liburua
Hizkuntza:ingelesa
Argitaratua: Nueva York, EUA : Signet, 1970, c1970
Gaiak:
Etiketak: Etiketa erantsi
Etiketarik gabe, Izan zaitez lehena erregistro honi etiketa jartzen!

MARC

LEADER 00000nam^a2200000^a^4500
001 000022372
005 20250521000000.0
009 20260310084453.789
037 |a Acervo ITESO - Biblioteca 
041 |a ING 
082 |a 741. 505  |b JAF 
100 |a Jaffee, Al  |e (autor) 
240 1 1 |a [Mad] 
245 1 4 |a The Mad Book of Magic and Other Dirty Tricks /  |c A. Jaffee. 
264 4 |a Nueva York, EUA :  |b Signet,  |c 1970, c1970 
300 |a 187 p. 
336 |a texto  |b txt  |2 rdacontenido 
337 |a sin mediación  |b n  |2 rdamedio 
338 |a volumen  |b nc  |2 rdasoporte 
520 |a Publicada originalmente en forma de libro de cómic en octubre-noviembre de 1952, la revista Mad fue creada por el dibujante Harvey Kurtzman y el editor William Gaines; en 1955, el vigésimo cuarto número de Mad apareció en formato de revista de humor, lo que le dio una mayor difusión entre los adultos; en 1956, Kurtzman se retira de la publicación y toma su lugar Al Feldstein, hasta 1984, cuando es reemplazado por Nick Meglin y John Ficarra; éste último, sigue siendo el editor de la revista. Mad es una revista de sátira social y política, en particular de la cultura popular de las décadas del 50 al 70 del siglo XX. 
520 |a Al Jaffee (1921), importante caricaturista norteamericano, conocido sobre todo por su labor en Mad, revista con la que ha colaborado regularmente desde 1955, primero con la tira Trump and Humbug, y posteriormente en el doblez que se convertiría en un sello de la publicación: se incorpora un chiste escondido dentro de una imagen aparentemente simple; es su colaborador vivo más antiguo, por lo que se le llama el adolescente más viejo del medio. Continúa haciendo sus dibujos a mano, a pesar de las dificultades conceptuales que supone el doblez. En Mad ha publicado tanto historietas como artículos, entre los que destacan Snappy Answers to Stupid Questions, Hawks and Doves y escritos sobre inventos y objetos prácticos; sus dibujos de estos últimos, considerados sumamente disparatados pero factibles por caricaturistas y diseñadores industriales, han servido, incluso, de base para patentes. Anteriormente había trabajado en diversas revistas de historietas, tales como Timely Comics, Atlas Comics, New York Herald Tribune, para las que creó las tiras Inferior Man, Super Rabbit, Ziggy Pig and Silly Seal y Tall Tales. Una de las razones del gran éxito que alcanzó ésta última fue que no contenía palabras, por lo que era fácilmente exportable a cualquier país. Entre otros reconocimientos, ha recibido el premio Reuben como historietista del año (2008). 
649 |a XX 
650 |a Magia -  |x Anécdotas y Chistes -  |x Tema Principal 
650 |a Historietas y Caricaturas de Humor -  |x Tema Principal 
650 |a Historietas y Caricaturas Norteamericanas 
650 |a Medios Impresos 
650 |a Medios de Comunicación 
650 |a Comunicación Masiva 
650 |a Comunicación Visual 
910 |a Fondo General 
920 |a Impresos - Libros 
930 |a Colección General 
905 |a 101 
901 |a 0223720100  |b IT1  |c ACC  |i 022372  |u 20250521 
902 |a https://opac.biblio.iteso.mx/vufind/Record/000022372